000
00265nam a2200097Ia 4500
008
231107s1994 xx 000 0 und d
041
_a
eng
100
_a
Landon R.P.
245
_a
Practical Surveying for Technicians
260
_a
New York
_b
Delmar Publishers Inc.
_c
1994
999
_c
928231
_d
928231